02034 2200301 4500001002100000005001500021035002000036008004100056020002200097041000800119082001300127084001900140100002300159245007700182250001200259260005700271300003900328500002600367520109000393650005301483650005201536990002401588990002401612990002401636990002401660990002401684990002401708INLIS00000000000813320221101054354 a0010-0520008133221101 | | eng  a978-1-4180-8088-4 aeng a343.0999 a343.0999 DEL e0 aDelaney, Stephanie1 aElectronic Legal Research :bAn Integrated Approach /cStephanie Delaney a2nd Ed. aClifton Park, N.Y. :bDelmar Cengage Learning,c2009 axxii, 196 p. :b: illus. ;c24 cm. aIndeks : p. 193 - 196 aThis book is dedicated to fully explaining the rationale of legal research, guiding readers through the individual steps necessary to develop their own research strategies. Through exploration into the topic of legal database searching with substance and depth Electronic Legal Research facilitates long-term learning. Since new products are introduced every day and the market leaders constantly change, this text takes the approach of one set of skills, Boolean searching. This approach will enable the beginning researcher to do research in nearly any electronic database, specifically training students to research paid legal databases and the Internet. it is based on the concept of critical thinking allowing for intelligent decisions about how to find information through effective resource selection and query construction. Rather than a traditional how-to book, Electronic Legal Research: An Integrated Approach truly facilitates learning by presenting up to date information and challenging exercises that focus on critical thinking skills and practical skill implementation. 4aLegal research - United States - Data processing 4aInformation storage and retrieval systems - Law a18667/MKRI-P/X-2010 a18668/MKRI-P/X-2010 a18668/MKRI-P/X-2010 a18667/MKRI-P/X-2010 a18667/MKRI-P/X-2010 a18668/MKRI-P/X-2010